Sepulkrale Hofarchitekturen im Hellenismus : Alexandria - Nea Paphos - Kyrene /

محفوظ في:

المؤلف الرئيسي: Greve, Anika (مؤلف)

التنسيق: كتاب

اللغة: German

منشور في: Turnhout : Brepols, [2014].

سلاسل: Contextualizing the sacred ; 3.

الموضوعات:

الوسوم: إضافة وسم

لا توجد وسوم, كن أول من يضع وسما على هذه التسجيلة!

رقم الطلب: NA6132 .G74 2014

LEADER 01194namaa2200337 4500
001 24805
003 OSt
005 20250909101049.0
008 130303t20142014be abe b 000 0 ger d
020 |a 2503544096 (pbk.) 
020 |a 9782503544090 (pbk.) 
040 |c ARCE Library 
043 |a f-ua---  |a a-cy---  |a f-ly---  |a mm----- 
050 4 |a NA6132 .G74 2014 
100 1 |a Greve, Anika,   |e author  |9 31099 
245 1 0 |a Sepulkrale Hofarchitekturen im Hellenismus :   |b Alexandria - Nea Paphos - Kyrene /   |c von Anika Greve. 
264 1 |a Turnhout :   |b Brepols,   |c [2014]. 
264 4 |c c2014. 
300 |a xi, 328 pages :   |b illustrations, maps, plans ;   |c 28 cm. 
490 1 |a Contextualizing the sacred ;   |v 3. 
504 |a Includes bibliographical references. 
650 0 |a Tombs  |z Egypt  |z Alexandria. 
650 0 |a Tombs  |z Cyprus  |z Paphos. 
650 0 |a Architecture, Hellenistic. 
651 0 |a Alexandria (Egypt)   |x Religious life and customs. 
651 0 |a Nea Paphos (Paphos, Cyprus)   |x Religious life and customs. 
651 0 |a Cyrene (Extinct city)   |x Religious life and customs. 
830 0 |a Contextualizing the sacred ;   |v 3. 
901 |a reviewed 
942 |c BK  |2 lcc 
999 |c 23162  |d 23162